Ako a kde nakupujú zákazníci

Prieskum u spotrebiteľov v Bratislave, Trnave a Malackách či uprednostňujú väčšie alebo menšie prevádzky a čo im chýba v predajniach. Čo oceňujú zákazníci v Bratislave a v Trnave. Ako prilákať zákazníka v Malackách.

Enregistré dans:
Détails bibliographiques
Format: Chapitre de livre
Langue:slovaque
Sujets:
Tags: Ajouter un tag
Pas de tags, Soyez le premier à ajouter un tag!

MARC

LEADER 00000naa a2200000 4500
001 r042230
005 20231004093806.8
041 0 |a slo 
044 |a SK 
245 1 0 |a Ako a kde nakupujú zákazníci 
520 |a Prieskum u spotrebiteľov v Bratislave, Trnave a Malackách či uprednostňujú väčšie alebo menšie prevádzky a čo im chýba v predajniach. Čo oceňujú zákazníci v Bratislave a v Trnave. Ako prilákať zákazníka v Malackách. 
610 2 0 |a prieskum potrieb 
610 2 0 |a prieskum spotrebiteľský 
610 2 0 |a prieskum dopytu 
610 2 0 |a spotrebitelia 
610 2 0 |a nákup 
610 2 0 |a predajne 
610 2 0 |a Slovensko